Spoločná zahraničná a bezpečnostná politika EÚ – medzinárodnoprávne aspekty diplomová práca

Na minha lista:
Detalhes bibliográficos
Autor principal: Salayová, Andrea
Autor Corporativo: Fakulta medzinárodných vzťahov EU. Katedra medzinárodného práva
Outros Autores: Pyteľová, Klaudia, 1985-
Formato: Livro
Idioma:eslovaco
Publicado em: Bratislava 2017
Tags: Adicionar Tag
Sem tags, seja o primeiro a adicionar uma tag!

MARC

LEADER 00000nbm a2200000 4500
001 0232032
005 20180222154408.4
041 0 |a slo 
044 |a SK 
245 1 0 |a Spoločná zahraničná a bezpečnostná politika EÚ – medzinárodnoprávne aspekty  |b diplomová práca  |c Andrea Salayová ; školiteľ: Klaudia Pyteľová 
264 1 |a Bratislava  |c 2017 
300 |a 73 s. 
100 1 |a Salayová, Andrea 
700 1 |a Pyteľová, Klaudia, 1985- 
710 2 |a Fakulta medzinárodných vzťahov EU. Katedra medzinárodného práva